| 000 | 00622nam a2200217 a 4500 | ||
|---|---|---|---|
| 001 | 3823 | ||
| 005 | 20140414131924.0 | ||
| 008 | 061017s19uu xx 00 eng d | ||
| 050 |
_aER _bT41 1993 |
||
| 100 | _aStimson, Joan | ||
| 245 |
_aThree little pigs (The) / _cby Joan Stimson ; illustrated by Steve Smallman. |
||
| 260 |
_aLeicerstershire, UK : _bLadybird Books, _c1993. |
||
| 300 | _ap. ; cm. | ||
| 440 | _aFavourite tales | ||
| 520 | _abased on the traditional folk tale. | ||
| 650 |
_aHouses _xfiction. |
||
| 650 |
_aPigs _xfiction. |
||
| 650 | _aChildren stories. | ||
| 999 |
_c111894 _d111894 |
||